| 000 | 00403nam a2200169Ia 4500 | ||
|---|---|---|---|
| 008 | 210210b1993 xxu||||| |||| 00| 0 eng d | ||
| 041 | _aeng | ||
| 082 | _a030 GREA | ||
| 100 | _aRS | ||
| 245 | _aGreat books of the Western world.V49-Darwin. | ||
| 260 |
_aChicago _bEncyclopaedia Britannica _c1993 |
||
| 300 | _a659 | ||
| 440 | _a49 | ||
| 650 | _aDarwin | ||
| 690 | _aEncyclopaedia | ||
| 906 | _a049188 | ||
| 999 |
_c98128 _d98128 |
||